LIBRARY & INFORMATION CENTRE, KCAET, TAVANUR

ONLINE PUBLIC ACCESS CATALOGUE (OPAC)

Theory of A.C circuits / (Record no. 1399)

MARC details
000 -LEADER
fixed length control field 00424cam a2200169ua 4500
003 - CONTROL NUMBER IDENTIFIER
control field OSt
008 - FIXED-LENGTH DATA ELEMENTS--GENERAL INFORMATION
fixed length control field 241223b |||||||| |||| 00| 0 eng d
041 ## - LANGUAGE CODE
Language code of text/sound track or separate title eng
082 ## - DEWEY DECIMAL CLASSIFICATION NUMBER
Classification number 621.3133
Item number FIC/TH
100 ## - MAIN ENTRY--AUTHOR NAME
Personal name Fich, Sylavan.
245 ## - TITLE STATEMENT
Title Theory of A.C circuits /
250 ## - EDITION STATEMENT
Edition statement 1 /
260 ## - PUBLICATION, DISTRIBUTION, ETC. (IMPRINT)
Place of publication London :
Name of publisher MacMillan and Company Limited ,
Year of publication 1959.
300 ## - PHYSICAL DESCRIPTION
Number of Pages 453 ; .
700 1# - ADDED ENTRY--PERSONAL NAME
Personal name Potter, James L.
942 ## - ADDED ENTRY ELEMENTS (KOHA)
Koha item type Books
Holdings
Withdrawn status Lost status Damaged status Home library Current library Date acquired Full call number Accession Number Koha item type
      KAUAET KAUAET 07/04/2012 621.3133 FIC/TH 4201 Books
free website counter